Every 100,000+ City in Finland in Order - Statistics

General Stats
  • This quiz has been taken 108 times
  • The average score is 7 of 9
Answer Stats
Letter Population City % Correct
H 1,560,912 Helsinki
100%
T 411,275 Tampere
92%
O 220,076 Oulu
89%
T 347,953 Turku
89%
E 322,486 Espoo
86%
V 252,095 Vantaa
72%
L 124,904 Lahti
66%
K 126,147 Kuopio
65%
J 151,955 Jyväskylä
63%
No matching quizzes found
Score Distribution
Percent of People with Each Score
Percentile by Number Answered
Your Score History
You have not taken this quiz